Hombre común y otros poemas (Record no. 63393)

MARC details
000 -LEADER
campo de control de longitud fija 00547nam a2200157 i 4500
001 - NÚMERO DE CONTROL
campo de control 63393
003 - IDENTIFICADOR DE NÚMERO DE CONTROL
campo de control ES-MaACL
007 - CAMPO FIJO DE DESCRIPCIÓN FÍSICA--INFORMACIÓN GENERAL
campo de control de longitud fija t|
008 - DATOS DE LONGITUD FIJA--INFORMACIÓN GENERAL
campo de control de longitud fija 031210s1979 ag ||||1| spa d
100 1# - ENTRADA PRINCIPAL--NOMBRE DE PERSONA
Nombre de persona Ferreira Gullar, José.
9 (RLIN) 50386
245 10 - MENCIÓN DEL TÍTULO
Título Hombre común y otros poemas
Resto del título : antología bilingüe /
Mención de responsabilidad, etc. José Ferreira Gullar ; selección, traducción, estudio y notas de Santiago Kovadloff.
260 ## - PUBLICACIÓN, DISTRIBUCIÓN, ETC.
Lugar de publicación, distribución, etc. [Buenos Aires] :
Nombre del editor, distribuidor, etc. Calicanto,
Fecha de publicación, distribución, etc. [1979]
300 ## - DESCRIPCIÓN FÍSICA
Extensión 111 p. ;
Dimensiones 20 cm.
700 1# - ENTRADA AGREGADA--NOMBRE PERSONAL
Nombre de persona Kovadloff, Santiago.
9 (RLIN) 68671
852 ## - LOCALIZACIÓN
Ubicación ES-MaACL
Número de control de estantería L-712
Sublocalización o colección R.101373
Holdings
Estatus retirado Estado de pérdida Estado de daño No para préstamo Biblioteca de origen Biblioteca actual Ubicación en estantería Fecha de adquisición Fuente de adquisición Total de préstamos Signatura topográfica completa Código de barras Visto por última vez Precio de reemplazo Tipo de ítem Koha
        Biblioteca del Ateneo de Madrid Biblioteca del Ateneo de Madrid Depósito 2 17/01/2008     L-712 1066445 23/02/2023 23/02/2023 Libro impreso